[Event "Top 12 FRA-chT 2017"]
[Site "Chartres"]
[Date "2017.05.24"]
[Round "7"]
[White "Decosse, Jean-Fabien"]
[Black "Abergel, Thal"]
[Result "1-0"]
[WhiteElo "2216"]
[BlackElo "2457"]
[Annotator "TA"]
[PlyCount "91"]
[EventDate "2017.??.??"]
[EventType "team-tourn"]
[EventCountry "FRA"]
[SourceTitle "playchess.com"]
[Source "ChessBase"]
[SourceQuality "1"]
[WhiteTeam "Lisieux"]
[BlackTeam "Tremblay-En-France"]

{[%evp 25,91,43,53,19,32,0,0,0,0,-11,-13,-15,-18,-32,21,14,18,32,62,68,132,123,122,131,163,164,167,175,155,145,210,194,308,271,242,128,180,159,158,141,149,123,252,254,245,246,242,207,332,344,344,344,340,340,333,333,310,281,344,298,364,341,371,362,712,675,5197,5190]} 1. d4 Nf6 2. c4 c5 3. d5 e6 4. Nc3 exd5 5. cxd5 d6 6. e4 g6 7. f3 Bg7 8. Bg5 O-O 9. Qd2 Re8 10. Nge2 a6 11. a4 Nbd7 12. Ng3 Qa5 13. Be2 b5 14. Nd1 {A65: Modern Benoni: 6 e4} (14. O-O b4 15. Nd1 Qc7 16. a5 Ne5 17. Kh1 Rb8 18. Ne3 c4 19. Bxc4 Nxc4 20. Qc1 Bd7 21. Qxc4 Rec8 22. Rfc1 Ne8 23. Qxc7 Rxc7 24. Rxc7 Nxc7 {1-0 (61) Cardelli,G (2443)-Papenin,N (2733) ICCF email 2011}) 14... Qxd2+ 15. Kxd2 (15. Bxd2 {feels hotter.} bxa4 16. Rxa4 Ne5 17. Ra3 h5 18. h4) 15... Rb8 $146 ({Predecessor:} 15... b4 16. Ne3 Ne5 17. Kc2 h5 18. h4 Rb8 19. Kb3 Nfd7 20. a5 Bb7 21. Rad1 Rec8 {1-0 (49) Bjazevic,P (2497)-Jarabinsky,M (2102) ICCF email 2009}) 16. axb5 {The position is equal.} axb5 17. Ra5 c4 $1 {[%cal Bc5c4,Bc4b3][%mdl 32]} 18. b4 {Black must now prevent Nc3.} cxb3 $1 19. Rxb5 Ba6 (19... Ra8 $1 $15 20. Rxb3 Nc5) 20. Rxb8 $11 Nxb8 21. Nc3 Rc8 {[#] Strongly threatening ...Nh5.} 22. Rb1 $1 Nh5 (22... b2 $1 $14) 23. Rxb3 $16 {Threatens to win with Nxh5.} Nxg3 24. Bxa6 ({Not} 24. hxg3 Bxc3+ 25. Rxc3 Rxc3 $15) 24... Nxa6 25. hxg3 Nc5 26. Ra3 Rb8 27. Kc2 Bd4 (27... Be5 $16 {is a better defense.} 28. Bf4 f6 29. Bxe5 fxe5) 28. Bf4 $18 Rb6 (28... Be5 $142 29. Bxe5 dxe5) 29. Ra8+ Kg7 {[#]} 30. Rd8 (30. Bxd6 $1 $18 {[%mdl 512]} Rxd6 31. Nb5) 30... Rb3 (30... Rb4 $16) 31. Bd2 Rb6 32. Rc8 Rb4 33. g4 h6 (33... Rc4 $16) 34. Rc6 Nb7 35. Nd1 Ra4 36. Nb2 Ra8 (36... Ra2 $142) 37. Bc3 Bxc3 38. Kxc3 {[%mdl 4096] Endgame KRN-KRN} ({Less strong is} 38. Rxc3 Na5 $18) 38... Ra3+ 39. Kc2 Ra2 40. Kb1 Ra5 41. Rb6 Nc5 42. Nc4 Ra4 43. Nxd6 Nd3 44. Rb7 Rb4+ $2 (44... Ne5 45. f4 Nc4) 45. Kc2 Ne1+ 46. Kd2 {Precision: White = 73%, Black = 36%.} 1-0

[Event "Top 12 FRA-chT 2017"]
[Site "Chartres"]
[Date "2017.05.24"]
[Round "7"]
[White "Moucheroud, Jeremy"]
[Black "Edouard, Romain"]
[Result "0-1"]
[WhiteElo "2197"]
[BlackElo "2640"]
[Annotator "TA"]
[PlyCount "64"]
[EventDate "2017.??.??"]
[EventType "team-tourn"]
[EventCountry "FRA"]
[SourceTitle "playchess.com"]
[Source "ChessBase"]
[SourceQuality "1"]
[WhiteTeam "Montpellier"]
[BlackTeam "Bischwiller"]

{[%evp 19,64,4,20,8,8,-9,0,-15,-26,-7,-17,-35,13,-102,-90,-89,-98,-115,-88,-87,-85,-112,-109,-160,-118,-179,-168,-193,-146,-153,-145,-326,-218,-226,-197,-176,-159,-241,-268,-420,-435,-412,-430,-971,-943,-999,-954]} 1. e4 c5 2. Nf3 Nc6 3. d4 cxd4 4. Nxd4 Nf6 5. Nc3 d6 6. g3 g6 7. Nde2 b6 8. Bg2 Ba6 9. O-O Bg7 10. Re1 {B70: Sicilian Dragon: 6 g3 and 6 Be2 (without a later Be3)} O-O {LiveBook: 9 Games} (10... Rc8 11. Nd5 Nd7 12. Rb1 O-O 13. Be3 e6 14. Ndf4 Nf6 15. c3 Ne5 16. f3 Bb7 17. Nd3 Ned7 {0-1 (66) Efimenko,Z (2644)-Grandelius,N (2573) Doha 2014}) 11. Nd5 Nd7 12. a4 {The position is equal.} Nc5 $146 ({Predecessor:} 12... Rc8 13. Rb1 b5 14. axb5 Bxb5 15. b3 a5 16. Bb2 Bxb2 17. Rxb2 e6 18. Ne3 Nc5 19. Nd4 Qf6 20. Nxc6 Bxc6 21. Ra2 Qc3 22. Nc4 a4 {½-½ (22) Brenke,A (2305)-Hoffmann,M (2370) Lippstadt 1991}) 13. Nec3 e6 14. Ne3 Qd7 15. Bd2 Bb7 16. Qb1 {[#]} (16. a5 $11) 16... f5 $1 $36 {[%mdl 2048] Black is really pushing.} 17. exf5 gxf5 {White must now prevent ...Ne5.} 18. b4 {[#]} Ne4 $1 {[%mdl 512]} 19. Nxe4 fxe4 ({Don't play} 19... Bxa1 $6 20. Ng5 $14) 20. Ng4 Nd4 21. Ra3 (21. a5 $142) 21... e5 22. Qa2+ (22. Ne3 $17) 22... Kh8 $19 23. h3 Nf3+ 24. Bxf3 exf3 25. Kh2 $2 (25. Rd3 $17 {is a better defense.}) 25... Rf5 {And now ...Rh5 would win.} 26. Rh1 Rh5 {( -> ...Qxg4)} 27. Kg1 d5 {[%cal Bd6d5,Bd5d4][%mdl 32]} 28. c4 (28. a5 $17) 28... d4 29. Bc1 (29. a5 {keeps fighting.} b5 30. a6) 29... e4 30. Bf4 {[#]} e3 $1 {[%mdl 512]} 31. fxe3 {[#]} (31. Bxe3 $142 dxe3 32. Nxe3) 31... Qxg4 $1 {[%mdl 512]} 32. hxg4 Rxh1+ {Precision: White = 22%, Black = 60%.} 0-1

[Event "Top 12 FRA-chT 2017"]
[Site "Chartres"]
[Date "2017.05.24"]
[Round "7"]
[White "Choisy, Mathilde"]
[Black "Guichard, Pauline"]
[Result "0-1"]
[WhiteElo "2153"]
[BlackElo "2312"]
[Annotator "TA"]
[PlyCount "60"]
[EventDate "2017.??.??"]
[EventType "team-tourn"]
[EventCountry "FRA"]
[SourceTitle "playchess.com"]
[Source "ChessBase"]
[SourceQuality "1"]
[WhiteTeam "Mulhouse Philidor"]
[BlackTeam "Clichy"]

{[%evp 14,60,16,-17,4,-6,15,16,50,36,37,15,9,10,31,31,41,19,62,0,38,0,41,14,28,-13,-13,-19,-24,-20,-8,-50,-51,-36,-43,-126,-39,-423,-409,-558,-558,-558,-558,-558,-558,-552,-544,-666,-672]} 1. d4 Nf6 2. Nf3 e6 3. Bf4 c5 4. e3 Nc6 5. c3 Be7 6. Nbd2 Nh5 {A46: 1 d4 Nf6 2 Nf3 e6: Torre, London and Colle Systems} 7. Bg3 b6 (7... Nxg3 8. hxg3 d5 9. Bd3 h6 10. Qe2 cxd4 11. exd4 Qb6 12. O-O-O Bd7 13. g4 O-O-O 14. Qe3 {1-0 (49) Matlakov,M (2694)-Bartel,M (2641) Tallinn 2016}) 8. Bd3 {LiveBook: 3 Games} Nxg3 {The position is equal.} 9. hxg3 h6 10. Ne5 Nxe5 11. dxe5 Qc7 12. f4 (12. Be4 $5 {[%cal Re4a8]} Rb8 13. f4 $11) 12... Bb7 13. Qe2 $146 ({Predecessor:} 13. Be4 O-O-O 14. Bxb7+ Qxb7 {½-½ (37) Zollstab,J (2030)-Kampmann,L (2120) Bayern 1998}) 13... a6 14. O-O-O b5 15. Be4 c4 16. Qf3 ({White should play} 16. Qg4 $14) 16... Rb8 17. Bxb7 {Strongly threatening Be4.} Rxb7 18. Ne4 b4 19. Rd2 bxc3 20. Nxc3 Bb4 21. Rhd1 Qb6 {...Bxc3 is the strong threat.} (21... Bxc3 $5 22. Rxd7 Qxd7 23. Rxd7 Bxb2+ 24. Kc2 Rxd7 25. Qa8+ Rd8 26. Qc6+ Kf8 $11) 22. e4 Qa5 23. Rc2 O-O 24. a3 ({White should try} 24. Kb1 $15) 24... Be7 (24... Bc5 $17 {Threatens to win with ...Rfb8.} 25. Qe2 Rfb8 26. Qxc4 Be3+ 27. Kb1 Qxa3) 25. g4 $2 {[%mdl 8192]} (25. Qe2 $15) 25... Rfb8 $19 26. Nb1 Rb3 {Black is clearly winning.} 27. Qe2 {[#]} c3 $1 {[%mdl 512]} 28. Rxc3 (28. Nxc3 Bxa3) 28... Rxc3+ 29. Nxc3 {[#]} Bxa3 $1 {[%mdl 512] ( -> ...Qxc3+)} 30. Rd2 (30. bxa3 Qxc3+) 30... Qxc3+ {Precision: White = 28%, Black = 48%.} 0-1

[Event "Top 12 FRA-chT 2017"]
[Site "Chartres"]
[Date "2017.05.24"]
[Round "7"]
[White "Marchadour, Emilie"]
[Black "Aflalo, Sophie"]
[Result "0-1"]
[WhiteElo "2097"]
[BlackElo "2135"]
[Annotator "NA"]
[PlyCount "96"]
[EventDate "2017.??.??"]
[EventType "team-tourn"]
[EventCountry "FRA"]
[SourceTitle "playchess.com"]
[Source "ChessBase"]
[SourceQuality "1"]
[WhiteTeam "Lisieux"]
[BlackTeam "Tremblay-En-France"]
[TimeControl "40/5400+30:1800+30"]

1. e4 {[%emt 0:00:00]} c5 {[%emt 0:00:35]} 2. Nf3 {[%emt 0:00:00]} Nc6 {[%emt 0:00:28]} 3. d4 {[%emt 0:00:00]} cxd4 {[%emt 0:00:04]} 4. Nxd4 {[%emt 0:00:00]} Nf6 {[%emt 0:00:03]} 5. Nc3 {[%emt 0:00:56]} e5 {[%emt 0:00:34]} 6. Ndb5 {[%emt 0:01:35]} d6 {[%emt 0:00:05]} 7. Bg5 {[%emt 0:00:18]} a6 {[%emt 0:00:04]} 8. Na3 {[%emt 0:00:10]} b5 {[%emt 0:00:08]} 9. Nd5 {[%emt 0:00:58]} Be7 {[%emt 0:00:07]} 10. Bxf6 {[%emt 0:06:07]} Bxf6 {[%emt 0:00:12]} 11. c4 {[%emt 0:00:17]} b4 {[%emt 0:00:08]} 12. Nc2 {[%emt 0:00:08]} O-O {[%emt 0:00:29]} 13. Bd3 {[%emt 0:14:48]} Bg5 {[%emt 0:02:25]} 14. O-O {[%emt 0:04:06]} (14. h4 $5 Bh6 15. Qh5 $11) 14... a5 {[%emt 0:06:05]} 15. Nce3 {[%emt 0:01:14]} Nd4 $11 {[%emt 0:01:27]} 16. f4 {[%emt 0:09:27]} exf4 {[%emt 0:07:19]} 17. Nxf4 {[%emt 0:02:27]} Nc6 {[%emt 0:13:33]} 18. Kh1 {[%emt 0:09:49]} Ne5 {[%emt 0:01:07]} 19. Nfd5 {[%emt 0:04:07]} Be6 {[%emt 0:03:16]} 20. Be2 {[%emt 0:01:00]} Rb8 {[%emt 0:02:14]} 21. Nf5 {[%emt 0:05:23]} Kh8 {[%emt 0:03:25]} 22. Qd4 {[%emt 0:03:26]} g6 {[%emt 0:01:21]} 23. Nfe3 {[%emt 0:00:24]} Bh6 {[%emt 0:14:14]} 24. Rad1 {[%emt 0:04:48]} Bg7 {[%emt 0:02:57]} 25. Qd2 {[%emt 0:00:07]} Qc8 {[%emt 0:01:20]} 26. b3 {[%emt 0:09:29]} Qc5 {[%emt 0:01:18]} 27. Qe1 {[%emt 0:02:12]} Rb7 {[%emt 0:11:11]} 28. Qh4 {[%emt 0:00:27]} a4 {[%emt 0:08:30]} 29. Nf6 {[%emt 0:05:19]} h6 {[%emt 0:01:18]} 30. Ned5 {[%emt 0:00:30]} axb3 {[%emt 0:00:37]} 31. axb3 {[%emt 0:00:05]} Ra7 {[%emt 0:00:56]} 32. Nf4 {[%emt 0:03:38]} g5 {[%emt 0:00:51]} 33. Nxe6 {[%emt 0:00:41]} fxe6 {[%emt 0:01:10]} 34. Qh3 {[%emt 0:02:30]} Raf7 {[%emt 0:01:18]} 35. Ng4 {[%emt 0:02:54]} Rxf1+ {[%emt 0:05:20]} 36. Rxf1 {[%emt 0:00:05]} Rxf1+ {[%emt 0:00:30]} 37. Bxf1 {[%emt 0:00:06]} Nxg4 {[%emt 0:00:43]} 38. Qxg4 {[%emt 0:00:09]} Qf2 {[%emt 0:03:10]} 39. Qf3 {[%emt 0:01:25]} Qc2 {[%emt 0:02:27]} 40. e5 {[%emt 0:06:01]} dxe5 {[%emt 0:31:31]} 41. Qd3 {[%emt 0:30:59]} Qf2 {[%emt 0:00:00]} 42. Qf3 {[%emt 0:00:00]} Qe1 {[%emt 0:00:00]} 43. Qe2 {[%emt 0:00:00]} Qc1 {[%emt 0:00:00]} 44. g3 {[%emt 0:00:00]} e4 {[%emt 0:00:00]} 45. Kg2 {[%emt 0:00:00]} e3 {[%emt 0:00:00]} 46. Qf3 {[%emt 0:00:00]} Qd2+ {[%emt 0:00:00]} 47. Kh3 {[%emt 0:00:00]} Qd4 {[%emt 0:00:00]} 48. Bg2 {[%emt 0:00:00]} g4+ 0-1

[Event "Top 12 FRA-chT 2017"]
[Site "Chartres"]
[Date "2017.05.24"]
[Round "7"]
[White "Caron, Damien"]
[Black "Le Roux, Jean-Pierre"]
[Result "0-1"]
[WhiteElo "2024"]
[BlackElo "2538"]
[Annotator "TA"]
[PlyCount "64"]
[EventDate "2017.??.??"]
[EventType "team-tourn"]
[EventCountry "FRA"]
[SourceTitle "playchess.com"]
[Source "ChessBase"]
[SourceQuality "1"]
[WhiteTeam "Montpellier"]
[BlackTeam "Bischwiller"]

{[%evp 14,64,0,-9,-1,-13,32,22,45,23,21,25,48,26,49,13,0,0,-10,-44,-20,-83,-76,-82,-56,-43,-66,-205,-198,-198,-206,-168,-157,-206,-206,-374,-319,-281,-318,-298,-307,-375,-372,-644,-533,-904,-864,-858,-813,-908,-768,-728,-589]} 1. Nf3 Nf6 2. c4 b6 3. Nc3 Bb7 4. Qc2 c5 5. e3 g6 6. Be2 Bg7 7. O-O O-O 8. d4 cxd4 {E61: King's Indian: Early deviations for White, including Smyslov System} (8... e6 9. dxc5 bxc5 10. Rd1 Qe7 11. b3 d6 12. Bb2 Ne8 13. Rd2 Nc6 14. Rad1 f5 15. Nb5 Bxb2 16. Qxb2 {0-1 (37) Khadzhiev,V (2107)-Duzhakov,I (2326) St Petersburg 2013}) 9. Nxd4 Na6 10. Rd1 Nc5 {The position is equal.} 11. f3 $146 ({Predecessor:} 11. Bf3 Bxf3 12. Nxf3 Qc7 13. b3 d5 14. Nb5 Qb7 15. Bb2 Rac8 16. Rac1 {0-1 (30) Alfeevskaja-Volpert,L Riga 1954}) 11... d5 12. b4 Na6 13. Rb1 Nc7 $1 14. c5 e5 15. Ndb5 Ne6 16. Ba3 Bh6 17. f4 (17. e4 $11 {keeps the balance.}) 17... exf4 $17 18. Nd6 Qe7 $36 {[%mdl 2048] Black has the initiative.} 19. Nxb7 Qxb7 20. c6 (20. Nxd5 $15 Nxd5 21. c6) 20... Qxc6 $19 {[#] aiming for ...Ne4.} 21. b5 Qc7 {And now ...Rfc8 would win.} 22. Bxf8 Rxf8 23. Qd3 {[#]} Rd8 $1 ({Resist} 23... fxe3 24. Nxd5 Nxd5 25. Qxd5 $17) 24. Rbc1 $2 (24. e4 {only move.} Qc5+ 25. Kf1 dxe4 26. Nxe4 Rxd3 27. Nxc5 Rxd1+ 28. Rxd1 Nxc5 29. Rd8+ Bf8 30. Ra8) 24... Qe7 25. Bf3 fxe3 26. Ne2 Ng5 27. Rf1 Nfe4 {[%cal Bf6e4,Be4d2,Bd2f3][%mdl 32]} 28. Rc2 $2 (28. Bxe4 Nxe4 29. Nd4) 28... Nd2 {Black is clearly winning.} 29. Rfc1 Ngxf3+ 30. gxf3 Nxf3+ 31. Kg2 Nh4+ 32. Kh1 Qf6 {Precision: White = 37%, Black = 79%.} 0-1

[Event "Top 12 FRA-chT 2017"]
[Site "Chartres"]
[Date "2017.05.25"]
[Round "8"]
[White "Wojtaszek, Radoslaw"]
[Black "Donchenko, Alexander"]
[Result "1/2-1/2"]
[WhiteElo "2734"]
[BlackElo "2563"]
[Annotator "TA"]
[PlyCount "122"]
[EventDate "2017.??.??"]
[EventType "team-tourn"]
[EventCountry "FRA"]
[SourceTitle "playchess.com"]
[Source "ChessBase"]
[SourceQuality "1"]
[WhiteTeam "Clichy"]
[BlackTeam "Vandoeuvre"]

{[%evp 22,122,50,54,68,29,51,41,40,29,35,20,20,20,20,18,32,0,0,0,0,0,0,-43,-21,-56,0,0,-7,-139,-134,-133,0,-77,0,-135,-134,-139,-152,-145,-44,-42,-48,-47,-48,-48,-43,-51,-40,-83,-79,-64,-14,-8,0,0,0,0,0,0,0,0,0,0,0,0,0,0,0,0,0,0,0,0,0,0,0,0,0,0,0,0,0,0,0,0,0,0,0,-8,-8,-8,0,0,0,0,0,0,0,0,0,0,0]} 1. d4 Nf6 2. c4 e6 3. Nf3 c5 4. d5 d6 5. Nc3 exd5 6. cxd5 g6 7. Nd2 Nbd7 8. e4 Bg7 9. Be2 O-O 10. O-O Re8 11. h3 a6 12. a4 $1 {LiveBook: 65 Games} h6 {A77: Modern Benoni: Classical: 9...Re8 10 Nd2: 10...a6 and 10...Nbd7} (12... Rb8 13. a5 b5 14. axb6 Nxb6 15. Bd3 g5 16. f4 gxf4 17. Rxf4 Nbd7 18. Nc4 Ne5 19. Nxe5 Rxe5 20. Rf3 Nd7 {1-0 (43) Hammer,J (2701)-Hou,Y (2667) Fagernes 2016}) 13. f4 Rb8 14. a5 b5 {White is slightly better.} 15. axb6 $1 {[#]} Rxb6 $146 ({Predecessor:} 15... Nxb6 16. Bf3 c4 17. e5 dxe5 18. fxe5 Rxe5 19. Nde4 Nxe4 20. Bxe4 Nd7 {0-1 (42) Gordievsky,D (2530)-Yuffa,D (2507) Loo 2016}) 16. Nc4 Nxe4 17. Nxe4 Rxe4 18. Nxb6 Qxb6 19. Bf3 Rb4 20. Re1 Bd4+ 21. Kh1 {aiming for Re8+.} Nf6 22. Qe2 Kg7 {[%cal Rd4b2][%mdl 1024] Black has compensation.} 23. Qe7 Ng8 24. Qe8 Bb7 25. Bd2 (25. Ra3 $11 {keeps the balance.}) 25... Nf6 $17 26. Qe7 Ng8 ({Better is} 26... Rxb2 27. Ba5 Qb3 28. Qxd6 Rf2) 27. Qe8 Nf6 (27... Rxb2 $142 28. f5 g5) 28. Qe7 Rxb2 29. Ba5 Qb3 30. Qxd6 {Threatens to win with Bd8.} Bxd5 (30... Rf2 $17 31. Rab1 Qxf3 $1 {[%mdl 512]} 32. gxf3 Bxd5) 31. Bxd5 $15 Qxd5 ({But not} 31... Nxd5 $2 32. Re8 $18) 32. Qxd5 Nxd5 33. Ra3 Nxf4 34. Bc7 Nxg2 35. Be5+ {[#]} Bxe5 $1 36. Rxe5 $17 {[%mdl 4096] Endgame KRR-KRN} Nf4 {...Ne6 is the strong threat.} 37. Rxc5 {The position is equal.} Rb6 38. Rca5 Re6 39. Kh2 g5 40. Ra2 f6 41. Rxa6 Re3 42. R6a3 Re1 43. h4 Kg6 44. hxg5 hxg5 45. Ra8 Nd3 46. Rg8+ Kf7 47. Rb8 Re6 48. Raa8 Re2+ 49. Kg3 Re3+ 50. Kg2 Kg6 51. Ra6 Nf4+ 52. Kf2 Rc3 53. Rf8 Nh5 54. Ra5 Ng3 55. Ra4 f5 56. Kg2 g4 57. Rf4 Kg5 58. Rf2 Ra3 59. Rg8+ Kh4 60. Rh8+ Kg5 61. Rg8+ Kh4 {Precision: White = 60%, Black = 63%.} 1/2-1/2

[Event "Top 12 FRA-chT 2017"]
[Site "Chartres"]
[Date "2017.05.25"]
[Round "8"]
[White "Malakhov, Vladimir"]
[Black "Rodshtein, Maxim"]
[Result "1/2-1/2"]
[WhiteElo "2712"]
[BlackElo "2698"]
[Annotator "TA"]
[PlyCount "125"]
[EventDate "2017.??.??"]
[EventType "team-tourn"]
[EventCountry "FRA"]
[SourceTitle "playchess.com"]
[Source "ChessBase"]
[SourceQuality "1"]
[WhiteTeam "Tremblay-En-France"]
[BlackTeam "Bischwiller"]

{[%evp 22,125,-33,-31,-10,-22,0,0,18,12,20,7,0,4,5,0,0,0,0,0,11,13,18,0,0,0,68,54,63,63,60,60,52,51,57,52,75,73,89,89,86,77,81,79,87,87,90,93,93,100,102,103,102,56,52,49,54,49,53,48,49,68,68,64,48,50,54,50,56,50,53,38,50,50,42,37,37,37,37,37,37,37,37,37,37,37,50,37,37,37,37,37,37,40,52,37,51,52,52,52,90,95,92,101,679,664]} 1. Nf3 Nf6 2. g3 d5 3. Bg2 c6 4. O-O Bg4 5. d3 Nbd7 6. h3 Bh5 7. Nbd2 e5 8. e4 Be7 9. Qe1 O-O 10. Nh4 Re8 11. Nf5 Bf8 12. Nb3 {LiveBook: 16 Games. A07: Réti Opening: New York and Capablanca Systems} Qc7 (12... a5 13. a4 Nc5 14. Nxc5 Bxc5 15. Be3 Bb4 16. c3 Bf8 17. f3 Bg6 18. Nh4 Nh5 19. Qf2 Qd7 20. Kh2 Bd6 21. Rae1 Bc7 22. Bb6 Bd6 23. Bc5 Bc7 24. Bb6 Bd6 25. Be3 Bc7 26. Bb6 {½-½ (26) Pantsulaia,L (2613)-Vitiugov,N (2721) Gjakova 2016}) 13. a4 $146 ({Predecessor:} 13. Be3 d4 14. Bc1 c5 15. Nd2 b5 16. f4 c4 17. g4 Bg6 18. Nxg7 Bxg7 19. f5 c3 20. bxc3 Qxc3 {½-½ (39) Hennigan,M (2450)-Summerscale,A (2500) Clichy 1997}) 13... h6 14. Nh4 {The position is equal.} dxe4 (14... g5 $5 {[%cal Rg5h4]} 15. Nf5 Bg6 $11) 15. dxe4 c5 16. Nd2 {[%cal Bb3d2,Bd2b1,Bb1c3,Bc3d5][%mdl 32]} (16. g4 $5 {[%cal Rg4h5]}) 16... c4 17. Nb1 Nc5 {[%cal Bd7c5,Bc5e6,Be6d4][%mdl 32]} 18. g4 Bg6 19. Nxg6 fxg6 20. Nc3 Ne6 21. Nd5 $36 {[%mdl 2048] White is pushing.} Qf7 22. Qc3 Nd4 {Hoping for ...Ne2+.} 23. Qxc4 Rac8 (23... Nxd5 $1 $11 24. exd5 (24. Qxd5 Nxc2 25. Rb1 Rad8 $15) 24... Rac8) 24. Nxf6+ $14 gxf6 25. Qxf7+ Kxf7 26. c3 Nb3 27. Rb1 Red8 28. Bf3 Nxc1 29. Rfxc1 Rd2 30. Rd1 Rcd8 31. Rxd2 Rxd2 $16 {[%mdl 4096] Endgame [#] KRB-KRB} 32. Kf1 $1 a5 33. Be2 f5 34. Ke1 Rd8 35. gxf5 gxf5 36. exf5 e4 37. Bc4+ Kf6 38. Ke2 Kxf5 39. Rg1 b6 40. Bf7 Rd6 41. Rg4 Be7 42. Bg8 $1 Bg5 43. Bh7+ Kf6 44. h4 Bc1 45. b4 Rd2+ 46. Kf1 axb4 47. cxb4 Ra2 48. Bxe4 Rxa4 49. Bc6 Ra1 50. h5 Bg5+ 51. Kg2 Rc1 52. b5 Rc2 53. Re4 Rd2 54. Kg3 Kf5 55. Rc4 (55. Re8 $5 {[%cal Rc6e4]} Bf4+ 56. Kf3 Rd3+ 57. Ke2 Rd2+ 58. Kf3 Rd3+ 59. Kg2 $14) 55... Rd3+ 56. f3 {And now Be4+ would win.} Ke5 57. Re4+ Kf5 58. Bb7 {Threatens to win with Bc8+.} Rc3 59. Bd5 Re3 60. Rc4 Re1 {[#]} 61. Be4+ $1 Ke5 62. Bg6 {Strongly threatening f4+.} Rg1+ $2 {[%mdl 8192]} (62... Re3 $16 63. Bh7 Kd5 64. Bg8+ Ke5) 63. Kf2 {[%mdl 32768] Precision: White = 84%, Black = 59%. . An unexpected result.} 1/2-1/2

[Event "Top 12 FRA-chT 2017"]
[Site "Chartres"]
[Date "2017.05.25"]
[Round "8"]
[White "Naiditsch, Arkadij"]
[Black "Shchekachev, Andrei"]
[Result "1-0"]
[WhiteElo "2700"]
[BlackElo "2538"]
[Annotator "TA"]
[PlyCount "67"]
[EventDate "2017.??.??"]
[EventType "team-tourn"]
[EventCountry "FRA"]
[SourceTitle "playchess.com"]
[Source "ChessBase"]
[SourceQuality "1"]
[WhiteTeam "Bischwiller"]
[BlackTeam "Tremblay-En-France"]

{[%evp 19,67,14,77,47,82,89,76,64,78,59,73,73,81,-11,-24,-16,-12,-41,-31,-27,-58,-45,-35,-31,159,181,191,206,482,451,471,445,518,495,510,266,486,496,457,444,486,475,512,511,3062,562,29939,5243,29996,29997]} 1. e4 c5 2. Nf3 d6 3. Nc3 a6 4. d4 cxd4 5. Nxd4 Nf6 6. g3 {[%cal Bg2g3,Bg3g4,Bg4g5][%mdl 32]} e6 7. Bg2 Be7 8. O-O O-O 9. f4 Qc7 10. g4 Re8 {LiveBook: 3 Games. B80: Sicilian Scheveningen: 6 g3 and 6 Be3, including English Attack} (10... Nc6 $11 {remains equal.}) 11. f5 {g5 is the strong threat.} Bf8 12. g5 Nfd7 {White is better.} 13. fxe6 $146 ({Predecessor:} 13. Qh5 g6 14. Qh3 Ne5 15. Nde2 Nbc6 16. Bf4 Nb4 17. Nd4 Qb6 18. Be3 Nxc2 19. Nxc2 Qxb2 {1-0 (29) Guseinov,G (2573)-Bistric,F (2440) Dubai 2005}) 13... fxe6 14. Nxe6 Rxe6 15. Qf3 $1 {[%cal Rf3f7] Intending Qf7+ and mate.} Re7 {[#]} 16. Nd5 ({Better is} 16. e5 $1 $16 {[%mdl 512] aiming for Nd5.} Qd8 (16... dxe5 17. Nd5) 17. exd6) 16... Qd8 $11 17. g6 (17. Nxe7+ Bxe7 18. Bf4 Nc6 $17) 17... Nf6 $1 18. Bg5 ({But not} 18. Nxe7+ Bxe7 19. gxh7+ Kh8 $17) 18... Nbd7 $1 19. gxh7+ ({Don't play} 19. Nxe7+ Bxe7 20. gxh7+ Kh8 $17) 19... Kh8 20. Qb3 $1 {[%cal Rd5f6]} Nc5 21. Qg3 $1 Nxd5 $2 (21... Be6 $1 $15 22. Rxf6 (22. Nxe7 Bxe7 23. Be3 Ncxe4 $17) (22. Nxf6 gxf6 23. Bxf6+ Bg7 $17) 22... gxf6 23. Bxf6+ {[#]} Rg7 $1 {[%mdl 512]}) 22. exd5 $16 {Hoping for Qh4.} Bd7 23. Qh4 Qb6 $2 (23... Ne6) 24. Bxe7 $18 Bxe7 25. Qxe7 Re8 26. Rf8+ Rxf8 27. Qxf8+ Kxh7 {intending ...Ne4+.} 28. Rf1 Qxb2 29. Qxd6 Qd4+ 30. Kh1 Bb5 31. Qf4 Qc3 (31... Qxf4 $142 32. Rxf4 Kh6) 32. Qf5+ (32. Be4+ $142 Nxe4 33. Qxe4+ Kh6 34. Rf8) 32... Kh8 {[#]} 33. d6 $1 Bxf1 34. Qh5+ {Precision: White = 63%, Black = 27%.} ({Weaker is} 34. Qxf1 Qd4 $16) 1-0

[Event "Top 12 FRA-chT 2017"]
[Site "Chartres"]
[Date "2017.05.25"]
[Round "8"]
[White "Bacrot, Etienne"]
[Black "Milov, Vadim"]
[Result "1/2-1/2"]
[WhiteElo "2696"]
[BlackElo "2604"]
[Annotator "TA"]
[PlyCount "56"]
[EventDate "2017.??.??"]
[EventType "team-tourn"]
[EventCountry "FRA"]
[SourceTitle "playchess.com"]
[Source "ChessBase"]
[SourceQuality "1"]
[WhiteTeam "Bischwiller"]
[BlackTeam "Tremblay-En-France"]

{[%evp 15,56,23,56,55,51,38,65,58,68,53,92,11,36,43,63,57,69,54,56,45,67,22,29,17,18,15,23,17,14,7,22,23,30,19,12,21,24,8,12,6,14,0,18]} 1. e4 e5 2. Nf3 Nc6 3. Bb5 a6 4. Ba4 Nf6 5. O-O Be7 6. d3 d6 7. c3 O-O 8. Re1 Nd7 9. Bc2 {C84: Closed Ruy Lopez: Unusual White 6th moves} Bf6 10. Nbd2 g6 11. Nf1 {White is slightly better.} Bg7 12. d4 Nf6 13. Ng3 ({White should try} 13. h3 $16) 13... Bg4 14. d5 Ne7 15. h3 Bd7 16. c4 c5 {[#]} 17. dxc6 $146 Bxc6 18. b3 Qc7 19. Ba3 Rfd8 20. Qd2 b5 21. Rad1 {[%cal Ra3d6]} Ne8 22. Nf1 Qb7 23. Ne3 $36 {[%mdl 2048] Black is under pressure.} Nf6 24. Nd5 Nexd5 25. cxd5 Be8 26. Bb4 Qa7 {The position is equal.} 27. Ba5 Rdc8 28. Bd3 Nd7 {Precision: White = 39%, Black = 47%.} 1/2-1/2